Mechanical performance of foam glass with nanoscale structure elements; IOP Conference Series: Materials Science and Engineering; Vol. 40 : International Conference on Structural Nano Composites (NANOSTRUC 2012)

書誌詳細
Parent link:IOP Conference Series: Materials Science and Engineering
Vol. 40 : International Conference on Structural Nano Composites (NANOSTRUC 2012).— 2012.— [012042, 6 p.]
第一著者: Kazmina O. V. Olga Viktorovna
団体著者: Национальный исследовательский Томский политехнический университет (ТПУ) Институт физики высоких технологий (ИФВТ) Кафедра технологии силикатов и наноматериалов (ТСН)
その他の著者: Semukhin B. S. Boris Semenovich, Njuguna J. James
要約:Title screen
The paper presents experimental data on studying the strengthening of glass foam material. Glass foam material is foamed glass of increased strength achieved due to nanoscale structural elements. Glass foam is obtained through thermal treatment of noncrystalline matrix containing crystalline material in the silica state. It is shown that strengthening of glass foam material is achieved by structuring the noncrystalline partition. New technique of strengthening is proposed due to the formation of nanoscale globules of noncrystalline matrix. Self-organization of spherical nanoscale globules. New technique for glass foam strengthening. For the first time the phenomenon of strengthening interpore partition of glass foam was established. The principle of the process consists in the formation of noncrystalline matrix with a specific globular structure.
言語:英語
出版事項: 2012
主題:
オンライン・アクセス:http://dx.doi.org/10.1088/1757-899X/40/1/012042
フォーマット: 電子媒体 図書の章
KOHA link:https://koha.lib.tpu.ru/cgi-bin/koha/opac-detail.pl?biblionumber=648776

MARC

LEADER 00000naa0a2200000 4500
001 648776
005 20250905134326.0
035 |a (RuTPU)RU\TPU\network\13935 
090 |a 648776 
100 |a 20160603d2012 k||y0engy50 ba 
101 0 |a eng 
102 |a GB 
135 |a drcn ---uucaa 
181 0 |a i  
182 0 |a b 
200 1 |a Mechanical performance of foam glass with nanoscale structure elements  |f O. V. Kazmina, B. S. Semukhin, J. Njuguna 
203 |a Text  |c electronic 
300 |a Title screen 
330 |a The paper presents experimental data on studying the strengthening of glass foam material. Glass foam material is foamed glass of increased strength achieved due to nanoscale structural elements. Glass foam is obtained through thermal treatment of noncrystalline matrix containing crystalline material in the silica state. It is shown that strengthening of glass foam material is achieved by structuring the noncrystalline partition. New technique of strengthening is proposed due to the formation of nanoscale globules of noncrystalline matrix. Self-organization of spherical nanoscale globules. New technique for glass foam strengthening. For the first time the phenomenon of strengthening interpore partition of glass foam was established. The principle of the process consists in the formation of noncrystalline matrix with a specific globular structure. 
461 1 |0 (RuTPU)RU\TPU\network\2008  |t IOP Conference Series: Materials Science and Engineering 
463 |t Vol. 40 : International Conference on Structural Nano Composites (NANOSTRUC 2012)  |o 2–4 July 2012, Cranfield University, Bedfordshire, UK  |o [proceedings]  |v [012042, 6 p.]  |d 2012 
610 1 |a электронный ресурс 
610 1 |a труды учёных ТПУ 
700 1 |a Kazmina  |b O. V.  |c Chemical Engineer  |c Professor of Tomsk Polytechnic University, Doctor of technical sciences  |f 1967-  |g Olga Viktorovna  |3 (RuTPU)RU\TPU\pers\33001  |9 16846 
701 1 |a Semukhin  |b B. S.  |g Boris Semenovich 
701 1 |a Njuguna  |b J.  |g James 
712 0 2 |a Национальный исследовательский Томский политехнический университет (ТПУ)  |b Институт физики высоких технологий (ИФВТ)  |b Кафедра технологии силикатов и наноматериалов (ТСН)  |3 (RuTPU)RU\TPU\col\18694 
801 2 |a RU  |b 63413507  |c 20210628  |g RCR 
856 4 |u http://dx.doi.org/10.1088/1757-899X/40/1/012042 
942 |c CF